000 00651nam a2200229 a 4500
999 _c3717
_d3717
001 3717
003 BD-JhCC
005 20171116190333.0
008 171116s1964 bg |||| |||| 000 0 ben d
035 _a(BD-JhCC)3717
040 _aBD-JhCC
_dBD-JhCC
041 _aben
082 _a891.4415
_bUDD 1964
100 _aউদদীন, জসিম
245 _aসোজন বাদিয়ার ঘাট /
_cজসিম উদদীন.
250 _a8th Edi.
260 _aঢাকা :
_bপলাশ প্রকাশনী,
_c1964.
300 _a148 p. :
_c20 cm.
650 _aLong Poem, Bengali
942 _2ddc
_cBK